000 01535namaa22003251i 4500
005 20260505113623.0
008 260505s1995 ua a|||frm||| 000 0 eng d
040 _aEG-GICUC
_beng
_cEG-GICUC
_dEG-GICUC
_erda
041 0 _aeng
_beng
_bara
049 _aDeposit
097 _aM.Sc
099 _aCai01.12.21.M.Sc.1995.Am.B
100 0 _aAmer Amer Mahmoud,
_epreparation.
245 1 0 _aBiochemical studies on sarcocystis fusiformi infecring the indian water buffalo in Egypt and the host-parasite relationships
_b
_cBy Amer Amer Mahmoud ; Supervised Prof. Dr. Fathy Abdel-Ghaffar, Prof. Dr. Abdel-Rahman, Dr. Aman M. Asaad
246 1 5 _aدراسات بيوكيميائية علي الساركوسيستس فيوزيفورمز الذى يصيب جاموس الماء الهندي في مصر وعلاقات العائل بالطفيل
264 0 _c1995.
300 _a111 Leaves
_billustrations
_c30 cm. +
336 _2rda content
_atext
337 _2rdamedia
_aUnmediated
338 _2rdacarrier
_avolume
502 _aThesis (M.Sc.)-Cairo University, 1995
504 _aBibliography: pages 97-111
653 0 _aindian water buffalo in Egypt
_asarcocystis fusiformi infecring the indian water
700 0 _aFathy Abdel-Ghaffar,
_ethesis advisor.
700 0 _aAbdel-Rahman
_ethesis advisor.
700 0 _aAman M. Asaad
_ethesis advisor.
900 _DDepartment of Zoology
_FFaculty of Sxcience
_UCairo University
_b1995
_cFathy Abdel-Ghaffar,
_cAbdel-Rahman
_cAman M. Asaad
905 _aNehad
942 _2ddc
_cTH
_e21
_n0
999 _c179978